Thực trạng và giải pháp nhằm khắc phục tình trạng học sinh bỏ học ở vùng biển bãi ngang huyện Gio Linh, tỉnh Quảng Trị

Giáo dục Việt Nam với vấn đề học sinh bỏ học ở vùng biển bãi ngang. Thực trạng học sinh bỏ học tại vùng ven biển bãi ngang Gio Linh - Quảng Trị giai đoạn 2008 - 2012. Định hướng và giải pháp chủ yếu nhằm khắc phục tình trạng học sinh bỏ học ở vùng biển bãi ngang huyện Gio Linh, tỉnh Quảng Trị....

पूर्ण विवरण

में बचाया:
ग्रंथसूची विवरण
मुख्य लेखक: Nguyễn Thùy Chi
अन्य लेखक: Nguyễn Thị Hương (Hướng dẫn)
स्वरूप: पुस्तक
भाषा:Vietnamese
प्रकाशित: Đà Nẵng Đại học Sư phạm, Đại học Đà Nẵng 2013
विषय:
टैग : टैग जोड़ें
कोई टैग नहीं, इस रिकॉर्ड को टैग करने वाले पहले व्यक्ति बनें!
Thư viện lưu trữ: Mạng thư viện Đại học Đà Nẵng
LEADER 02097nam a2200385 4500
001 000018440
003 14871
005 20131114101117.0
008 131107s2013 viesd
041 |a vie 
082 1 4 |a 371.291  |b NG-C 
100 1 |a Nguyễn Thùy Chi 
245 1 |a Thực trạng và giải pháp nhằm khắc phục tình trạng học sinh bỏ học ở vùng biển bãi ngang huyện Gio Linh, tỉnh Quảng Trị  |c Nguyễn Thùy Chi ; Nguyễn Thị Hương hướng dẫn  |k Khóa luận tốt nghiệp 
260 |a Đà Nẵng  |b Đại học Sư phạm, Đại học Đà Nẵng  |c 2013 
300 |a 69 tr.  |b mh.  |c 29 cm.  |e Bản tóm tắt 
500 |a Khóa luận tốt nghiệp đại học. Chuyên ngành: Sư phạm Giáo dục chính trị 
504 |a Mục lục đầu trang, tài liệu tham khảo tr. 73 - 74, phụ lục [13 tr.] 
520 |a Giáo dục Việt Nam với vấn đề học sinh bỏ học ở vùng biển bãi ngang. Thực trạng học sinh bỏ học tại vùng ven biển bãi ngang Gio Linh - Quảng Trị giai đoạn 2008 - 2012. Định hướng và giải pháp chủ yếu nhằm khắc phục tình trạng học sinh bỏ học ở vùng biển bãi ngang huyện Gio Linh, tỉnh Quảng Trị. 
600 1 4 |b Vua  |c Đinh Tiên Hoàng 
650 0 4 |a Giáo dục phổ thông  |v Khóa luận tốt nghiệp  |x Học sinh bỏ học  |z Quảng Trị 
653 |a Giáo dục chính trị 
653 |a Giáo dục phổ thông 
653 |a Học sinh bỏ học 
653 |a Quảng Trị 
700 1 |a Nguyễn Thị Hương  |e Hướng dẫn 
OWN |a LSP 
AVA |a UDN50  |b LSP  |d 371.291 NG-C  |e available  |t Error 5001 Not defined in file expand_doc_bib_avail.  |f 1  |g 0  |h N  |i 0  |k 1 
999 |a From the UDN01 
AVA |a UDN50  |b LSP  |d 371.291 NG-C  |e available  |t Error 5001 Not defined in file expand_doc_bib_avail.  |f 1  |g 0  |h N  |i 0  |k 1 
TYP |a Monograph 
TYP |a Printed language 
980 |a Mạng thư viện Đại học Đà Nẵng